00362pab a2200121 454500008004000000100002300040245011000063260000900173300001400182362000800196650001400204773002200218180718b2003 xxu||||| |||| 00| 0 eng d aMcDaniel, Susan A. aThe currents of sociology internationally - preponderance, diversity and division of labour: introduction c2003 ap.593-97. aNov aSociology aCurrent Sociology